000 00842nam a2200277 a 4500
008
020 _a9780071310550 (pbk. )
045 _aMAIN
_c(13/373)
_c(13/374)
_c(13/375)
090 _aHG3881
_bEUN
100 1 _aEun, Cheol S.
245 1 0 _aInternational finance:
_bGlobal Edition /
_cCheol S. Eun, Bruce G. Resnick and Sanjiv Sabherwal.
260 _aNew york :
_bMcGraw Hill,
_c2012.
300 _a6th ed.
300 _a575 p. :
_bill. ;
_c28cm.
500 _aIncludes index.
504 _aIncludes bibliographical references.
650 _aInternational finance.
700 _aSabherwal, Sanjiv.
700 _aResnick, Bruce G.
907 _a.b10339103
_b28-01-14
_c21-01-14
003
005 20230120145423.0
040 _cNUST
049 _aMAIN
942 _cBOOKS
_kHG3881
_mEUN
999 _c98093
_d98093